| 000 | 00938nmc a2200337 a 4500 | ||
|---|---|---|---|
| 003 | AR-BaBNM | ||
| 005 | 20251128205551.0 | ||
| 008 | 011101s1995 ||||||||||||||000 | spa|| | ||
| 020 | _a84-493-0171-8 | ||
| 040 | _cAR-BaBNM | ||
| 100 | 1 | _aCoulon, Alain | |
| 245 | 1 | 0 | _aEtnometodología y educación |
| 250 | _a1ª ed. | ||
| 260 |
_aBarcelona _bPaidós _c1995 |
||
| 300 | 0 | _a230 p. | |
| 490 | 0 |
_aPaidós educador _vv. 118 |
|
| 500 | 0 | _aIndice de autores: p. 227-230 | |
| 504 | _aBibliografía: p. 221-226 | ||
| 650 | 4 | _aSOCIOLOGIA DE LA EDUCACION | |
| 650 | 4 | _aETNOLOGIA | |
| 650 | 4 | _aINTERACCION CULTURAL | |
| 650 | 4 | _aRELACIONES INTERPERSONALES | |
| 650 | 4 | _aANTROPOLOGIA DE LA EDUCACION | |
| 650 | 4 | _aRELACIONES SOCIALES | |
| 650 | 4 | _aESTRUCTURALISMO | |
| 650 | 4 | _aRELACIONES ENTRE GRUPOS | |
| 650 | 4 | _aMETODOS DE INVESTIGACION | |
| 700 | 1 |
_aAguirre, Olga Gracia _etraductor |
|
| 942 | _cBK | ||
| 998 | _cSILVI | ||
| 999 |
_c11926 _d11926 |
||